000 00940nam a2200277 a 4500
001 000038503
005 20240307073948.0
008 090717s2012 dr 000 0 spa d
020 _z9789945447545
040 _aDO-SdBNP
_bspa
_cBNPHU
082 _a460.7
_bM385L, 2012
100 1 _aMartínez Montero, Juan
_912225
245 1 0 _aLenguaje, gramática y redacción /
_cJuan Martínez Montero.
246 1 4 _aHable correctamente y escriba sin incertidumbre.
250 _a4a ed. ampliada y corr.
260 _aSanto Domingo :
_bUASD,
_c2012.
300 _a415 p. ;
_c22 cm.
504 _aBibliografía : p. 413-415
590 _aInventariado, 2018/LP
650 4 _aEspañol
_xEstudio y enseñanza
_9521
650 4 _aEspañol
_xGramática
_93475
650 4 _aEspañol
_xOrtografía
_91453
650 4 _aLenguaje y lenguas
_9407
710 1 _aUniversidad Autónoma de Santo Domingo
_972951
910 _aValidado. Control de calidad MFF
999 _c37993
_d37993